000 00603nam a2200217 a 4500
001 8238
003 CO-ViMGA
008 141112s2004 ck r 000 u spa d
040 _aCO-ViMGA
_bspa
_cCO-ViMGA
082 0 4 _a158.1 J45t
100 1 _aJimenez, Alvaro
_98057
245 1 0 _aTriunfar como persona /
_cJimenez Alvaro
260 _aBogotá,
_cCEJA,
_c1995
300 _a2 V. : il
490 _aColeccion experiencias humanas; nos. 1 y 2
650 1 4 _aAUTOESTIMA
_91478
650 1 4 _aEL ARTE DE COMUNICARSE
_98058
650 1 4 _aEL ARTE DE CRECER
_98059
650 1 4 _aSUPERACION
942 _2ddc
_cBK
999 _c20047
_d20047